Изучение физико-механических свойств пород контрольно-стволовой скважины на Ново-Соликамском участке ВКМКС; Проблемы геологии и освоения недр; Т. 2

Bibliografske podrobnosti
Parent link:Проблемы геологии и освоения недр: труды XXI Международного симпозиума имени академика М. А. Усова студентов и молодых ученых, посвященного 130-летию со дня рождения профессора М. И. Кучина, Томск, 3-7 апреля 2017 г./ Национальный исследовательский Томский политехнический университет (ТПУ), Институт природных ресурсов (ИПР) ; под ред. А. С. Боева.— , 2017
Т. 2.— 2017.— [С. 586-587]
Glavni avtor: Полюлян А. С.
Korporativna značnica: Пермский национальный исследовательский политехнический университет (ПНИПУ)
Drugi avtorji: Асанов В. А. (научный руководитель)
Izvleček:Заглавие с экрана
Jezik:ruščina
Izdano: 2017
Serija:Горное дело. Разработка рудных и нерудных полезных ископаемых
Teme:
Online dostop:http://earchive.tpu.ru/handle/11683/44973
Format: Elektronski Book Chapter
KOHA link:https://koha.lib.tpu.ru/cgi-bin/koha/opac-detail.pl?biblionumber=625212

MARC

LEADER 00000naa2a2200000 4500
001 625212
005 20231101133342.0
035 |a (RuTPU)RU\TPU\conf\24472 
035 |a RU\TPU\conf\24471 
090 |a 625212 
100 |a 20171207d2017 k y0rusy50 ca 
101 0 |a rus 
102 |a RU 
105 |a y z 100zy 
135 |a drcn ---uucaa 
181 0 |a i  
182 0 |a b 
200 1 |a Изучение физико-механических свойств пород контрольно-стволовой скважины на Ново-Соликамском участке ВКМКС  |f А. С. Полюлян  |g науч. рук. В. А. Асанов 
203 |a Текст  |c электронный 
225 1 |a Горное дело. Разработка рудных и нерудных полезных ископаемых 
230 |a 1 компьютерный файл (pdf; 410 Kb) 
300 |a Заглавие с экрана 
320 |a [Библиогр.: с. 587 (4 назв.)] 
461 1 |0 (RuTPU)RU\TPU\conf\21932  |t Проблемы геологии и освоения недр  |o труды XXI Международного симпозиума имени академика М. А. Усова студентов и молодых ученых, посвященного 130-летию со дня рождения профессора М. И. Кучина, Томск, 3-7 апреля 2017 г.  |o в 2 т.  |f Национальный исследовательский Томский политехнический университет (ТПУ), Институт природных ресурсов (ИПР) ; под ред. А. С. Боева  |d 2017 
463 1 |0 (RuTPU)RU\TPU\conf\21938  |t Т. 2  |v [С. 586-587]  |d 2017 
610 1 |a электронный ресурс 
610 1 |a физико-механические свойства 
610 1 |a горные породы 
610 1 |a скважины 
610 1 |a горные массивы 
610 1 |a Верхнекамское месторождение солей 
610 1 |a сложные условия 
610 1 |a горно-геологические условия 
610 1 |a замораживание 
700 1 |a Полюлян  |b А. С. 
702 1 |a Асанов  |b В. А.  |4 727 
712 0 2 |a Пермский национальный исследовательский политехнический университет (ПНИПУ)  |c (2011- )  |2 stltpush  |3 (RuTPU)RU\TPU\col\19942 
801 2 |a RU  |b 63413507  |c 20171212  |g RCR 
856 4 |u http://earchive.tpu.ru/handle/11683/44973 
942 |c BK